[Event "FIDE Chesscom Grand Swiss 2019"]
[Site "Douglas-Isle of Man"]
[Date "2019.10.20"]
[Round "10.17"]
[White "Adhiban, B.."]
[Black "Harikrishna, Pentala"]
[Result "0-1"]
[WhiteElo "2639"]
[BlackElo "2748"]
[Annotator "TA"]
[PlyCount "92"]
[EventDate "2019.10.10"]
[EventType "swiss"]
[EventCountry "GBR"]
[SourceTitle "playchess.com"]
[Source "ChessBase"]
[SourceQuality "1"]

{[%evp 18,92,19,23,18,14,7,16,40,6,7,14,8,14,18,0,55,60,86,-44,0,-112,-16,-11,-12,-5,-8,-10,-8,-10,-16,-57,-56,-59,-45,-104,-115,-87,-81,-130,-129,-117,-129,-127,-59,-125,-125,-125,-106,-125,-125,-125,-125,-195,-195,-195,-195,-195,-195,-195,-196,-293,-258,-1395,-1314,-4645,-4827,-7112,-6787,-4378,-1589,-2356,-1849,-9903,-7695,-4133,-1462]} 1. d4 Nf6 2. c4 e6 3. g3 c5 4. d5 exd5 5. cxd5 d6 6. Nc3 g6 7. Bg2 Bg7 8. Nf3 O-O 9. O-O Re8 10. Bf4 Bf5 {A62: Modern Benoni: Fianchetto Variation without early ...Nbd7} (10... a6 11. a4 h6 12. Qc1 g5 13. Bd2 Bf5 14. h4 g4 15. Ne1 Kh7 16. Nc2 Bg6 17. Ne3 Nbd7 18. a5 Ne5 19. Ra4 h5 {½-½ (66) Donchenko,A (2593)-Caruana,F (2828) chess.com INT 2019}) 11. Nh4 Bg4 12. Qd2 b5 {The position is equal.} 13. Nxb5 {aiming for f3.} Rxe2 14. Qc1 $1 Ne4 15. Bxe4 $146 ({Predecessor:} 15. Qc4 Rxb2 16. Rab1 Be2 17. Qxe4 Bxb5 18. Rxb2 Bxf1 {0-1 (45) Korchmar,V (2415)-Donchenko,A (2612) Riga 2018}) 15... Rxe4 16. Nxd6 Rd4 (16... Rb4 $11 17. Rb1 (17. Qxc5 $2 Rxf4 {[%mdl 64] Deflection} 18. gxf4 Qxh4 $19) 17... Na6) 17. Re1 $14 {Hoping for Re8+.} ({But not} 17. Qxc5 $2 Rxf4 18. gxf4 Qxh4 $19) 17... Nd7 18. Bg5 (18. h3 $16 Bxh3 19. Nf3 Rxd5 20. Ng5) 18... Qb8 (18... Qb6 $5 {[%cal Rb6d6]} 19. Nc4 Qb7 $15) 19. Be7 (19. Re8+ $11 Qxe8 20. Nxe8 Rxe8 21. Bf4) 19... Rxd5 (19... Qb4 $17 20. Rb1 Rxd5) 20. Qf4 $11 Nf6 $1 21. Bxf6 Qxd6 22. Qxd6 Rxd6 23. Bxg7 Kxg7 24. f3 Be6 25. Re2 Rad8 $36 {[%mdl 2048] Black has some pressure.} 26. a3 ({White should play} 26. Rc2 $15) 26... Rd2 $17 27. Rae1 R8d3 28. Rxd2 Rxd2 {[%mdl 4096] Endgame KRB-KRN} 29. Rc1 c4 30. Ng2 g5 ({Black should try} 30... Bd5 $1 $17 31. Ne3 Bxf3) 31. Ne3 ({Better is} 31. h4 $15) 31... Rxb2 32. Nxc4 Ra2 33. Rc3 Bxc4 34. Rxc4 Rxa3 {KR-KR} 35. Kf2 (35. Kg2 $17) 35... Ra2+ $19 36. Ke3 Rxh2 37. Ra4 {[#]} h5 $1 38. Ra5 Kg6 39. f4 {[#]} (39. g4 $142) 39... g4 $1 {...Rg2 is the strong threat.} 40. f5+ $2 (40. Rg5+ Kf6 41. Ke4) 40... Kg5 {Black is clearly winning.} 41. Rxa7 f6 42. Ra5 Rg2 43. Ke4 Re2+ (43... Rxg3 $142 44. Ra8 Rg1) 44. Kd4 Re1 45. Rb5 h4 46. gxh4+ Kxh4 {Accuracy: White = 33%, Black = 62%.} (46... Kf4 $142 47. Rb6 Kxf5) 0-1

[Event "FIDE Chesscom Grand Swiss 2019"]
[Site "Douglas-Isle of Man"]
[Date "2019.10.20"]
[Round "10.17"]
[White "Kashlinskaya, Alina"]
[Black "Alekseev, Evgeny"]
[Result "1/2-1/2"]
[WhiteElo "2481"]
[BlackElo "2629"]
[Annotator "ChessBase"]
[PlyCount "85"]
[EventDate "2019.10.10"]
[EventType "swiss"]
[EventCountry "GBR"]
[SourceTitle "playchess.com"]
[Source "ChessBase"]
[SourceQuality "1"]
[TimeControl "40/6000+30:20/3000+30:900+30"]

1. d4 {[%emt 0:00:00]} d5 {[%emt 0:04:07]} 2. c4 {[%emt 0:00:00]} e6 {[%emt 0:00:16]} 3. Nc3 {[%emt 0:00:00]} Nf6 {[%emt 0:00:37]} 4. cxd5 {[%emt 0:00:00]} exd5 {[%emt 0:00:41]} 5. Bg5 {[%emt 0:00:08]} c6 {[%emt 0:01:54]} 6. e3 {[%emt 0:00:14]} Bd6 {[%emt 0:01:20]} 7. Bd3 {[%emt 0:01:07]} Nbd7 {[%emt 0:02:24]} 8. Qc2 {[%emt 0:04:14]} Nf8 {[%emt 0:06:58]} 9. O-O-O {[%emt 0:12:13]} Ng6 {[%emt 0:11:50]} 10. f4 {[%emt 0:04:17]} h6 {[%emt 0:04:58]} 11. Bxf6 {[%emt 0:00:25]} Qxf6 {[%emt 0:00:19]} 12. f5 {[%emt 0:08:09]} Ne7 {[%emt 0:10:48]} 13. e4 {[%emt 0:07:44]} Qxd4 {[%emt 0:01:41]} 14. Nf3 {[%emt 0:00:41]} Qc5 {[%emt 0:03:59]} 15. exd5 {[%emt 0:20:15]} cxd5 {[%emt 0:04:05]} 16. Bb5+ {[%emt 0:05:29]} Kf8 {[%emt 0:03:02]} 17. g4 {[%emt 0:03:33]} a6 {[%emt 0:05:48]} 18. Be2 {[%emt 0:11:32]} h5 {[%emt 0:03:37]} 19. h3 {[%emt 0:01:41]} b5 {[%emt 0:03:39]} 20. a3 {[%emt 0:02:36]} Bb7 {[%emt 0:11:11]} 21. Rhf1 {[%emt 0:00:06]} hxg4 {[%emt 0:03:34]} 22. hxg4 {[%emt 0:00:02]} Re8 {[%emt 0:04:44]} 23. Kb1 {[%emt 0:00:47]} Bf4 {[%emt 0:06:44]} 24. g5 {[%emt 0:02:07]} d4 {[%emt 0:01:28]} 25. Rxd4 {[%emt 0:12:41]} Bxg5 {[%emt 0:01:42]} 26. Rd7 {[%emt 0:00:03]} Bc8 {[%emt 0:05:44]} 27. Nxg5 {[%emt 0:00:04]} Bxd7 {[%emt 0:00:05]} 28. Qb3 {[%emt 0:00:09]} Nd5 {[%emt 0:00:25]} 29. Nce4 {[%emt 0:01:02]} Bxf5 {[%emt 0:03:23]} 30. Bd3 {[%emt 0:01:26]} Bxe4 {[%emt 0:01:21]} 31. Bxe4 {[%emt 0:02:24]} Rxe4 {[%emt 0:02:17]} 32. Nxe4 {[%emt 0:01:32]} Qc6 {[%emt 0:00:02]} 33. Ka1 {[%emt 0:03:58]} Rh5 {[%emt 0:00:43]} 34. Qf3 {[%emt 0:02:07]} Qg6 {[%emt 0:00:18]} 35. Nd6 {[%emt 0:00:33]} f6 {[%emt 0:01:12]} 36. Rd1 {[%emt 0:00:30]} Qg5 {[%emt 0:00:32]} 37. Re1 {[%emt 0:01:25]} Kg8 {[%emt 0:00:30]} 38. Re8+ {[%emt 0:00:34]} Kh7 {[%emt 0:00:02]} 39. Qe4+ {[%emt 0:00:23]} g6 {[%emt 0:00:41]} 40. Re7+ {[%emt 0:03:08]} Nxe7 {[%emt 0:00:03]} 41. Qxe7+ {[%emt 0:50:03]} Kg8 {[%emt 0:50:04]} 42. Qf7+ {[%emt 0:00:00]} Kh8 {[%emt 0:00:00]} 43. Qf8+ {[%emt 0:00:00]} 1/2-1/2

[Event "FIDE Chesscom Grand Swiss 2019"]
[Site "Douglas-Isle of Man"]
[Date "2019.10.20"]
[Round "10.18"]
[White "Wojtaszek, Radoslaw"]
[Black "Mamedov, Rauf"]
[Result "1-0"]
[WhiteElo "2748"]
[BlackElo "2645"]
[Annotator "TA"]
[PlyCount "83"]
[EventDate "2019.10.10"]
[EventType "swiss"]
[EventCountry "GBR"]
[SourceTitle "playchess.com"]
[Source "ChessBase"]
[SourceQuality "1"]

{[%evp 18,83,38,24,52,43,48,25,30,35,42,35,50,51,45,28,27,32,39,39,74,78,110,100,116,112,109,114,133,127,117,122,129,108,102,106,189,129,206,211,197,200,220,220,213,115,225,221,227,241,256,231,219,225,243,238,384,384,427,427,587,395,691,656,940,930,895,877]} 1. d4 Nf6 2. c4 e6 3. Nf3 d5 4. g3 dxc4 5. Bg2 Bd7 6. O-O Bc6 7. Qc2 Nbd7 8. Qxc4 Be7 9. Nc3 O-O 10. Re1 Bxf3 {E02: Open Catalan: 5 Qa4+} (10... Ne4 11. Qd3 Nxc3 12. bxc3 b6 13. Ng5 Bxg5 14. Bxc6 Bxc1 15. Bxa8 Ba3 16. Bc6 Nf6 17. Rab1 h5 18. Qa6 Bd6 19. Qxa7 e5 20. Bg2 {1-0 (43) Georgiev,K (2656)-Can,E (2487) Sarajevo 2011}) 11. Bxf3 c6 12. Bg2 $146 ({Predecessor:} 12. e4 Nb6 13. Qd3 e5 14. Be3 exd4 15. Qxd4 Qxd4 16. Bxd4 Rfd8 17. Rad1 Kf8 18. Be2 {1-0 (36) Russell,H (2009)-Buckley,C (1936) England 2017}) 12... Qa5 {White has an edge.} 13. Rd1 Rfd8 14. Qb3 Qb6 15. Qc2 Rac8 16. h3 h6 17. Rb1 Nf8 18. Na4 Qa6 19. b4 b5 20. Nc5 Bxc5 21. bxc5 e5 22. dxe5 Rxd1+ 23. Qxd1 N6d7 24. e6 $1 {[%cal Re6d7]} fxe6 25. Qc2 Ne5 26. a4 Nc4 (26... Qxa4 $16 27. Qxa4 bxa4) 27. Kh2 ({White should play} 27. Rb4 $18) 27... Qa5 (27... Qxa4 $16 {was necessary.} 28. Qxa4 bxa4) 28. axb5 $18 cxb5 29. c6 a6 30. Bf4 Qa3 31. Rd1 ({White should try} 31. Qe4 $18) 31... Qc5 {[#]} (31... a5 $16) 32. Be3 $1 {[%cal Re3c5]} Qe7 33. Bd4 Qe8 34. Qe4 Qe7 35. Bc3 Qf7 36. Qd4 Ng6 (36... Qe7 {might work better.} 37. Rb1 e5 38. Bd5+ Kh8) 37. Ra1 a5 38. Bxa5 Ne7 39. Bc3 Nxc6 $2 {[#]} (39... Qf6 40. Ra7 Qxd4 41. Bxd4 Nxc6) 40. Bxc6 {White is clearly winning.} Rxc6 41. Ra8+ Kh7 42. Qe4+ {[%mdl 64] Double Attack. Accuracy: White = 71%, Black = 31%.} 1-0

[Event "FIDE Chesscom Grand Swiss 2019"]
[Site "Douglas-Isle of Man"]
[Date "2019.10.20"]
[Round "10.18"]
[White "Hansen, Eric"]
[Black "Dubov, Daniil"]
[Result "1/2-1/2"]
[WhiteElo "2611"]
[BlackElo "2699"]
[Annotator "TA"]
[PlyCount "43"]
[EventDate "2019.10.10"]
[EventType "swiss"]
[EventCountry "GBR"]
[SourceTitle "playchess.com"]
[Source "ChessBase"]
[SourceQuality "1"]

{[%evp 12,43,27,22,30,37,44,39,50,24,28,18,18,18,19,18,20,15,28,24,33,18,20,0,12,0,0,0,14,0,0,0,18,0]} 1. e4 c6 2. Nc3 d5 3. Nf3 Bg4 4. h3 Bxf3 5. Qxf3 Nf6 6. d4 dxe4 7. Qe3 g6 {B11: Caro-Kann: Two Knights Variation} (7... Nbd7 8. Nxe4 Nxe4 9. Qxe4 g6 10. Be2 Bg7 11. O-O O-O 12. Rd1 Re8 13. c3 Qc7 14. d5 c5 15. Bf4 Be5 16. Be3 Rac8 17. a4 {½-½ (44) Bacrot,E (2715)-Ponomariov,R (2699) Biel 2017}) 8. Nxe4 {[%cal Re4f6] [#]} Bg7 9. Nxf6+ Bxf6 {White is slightly better.} 10. c3 O-O 11. Bc4 $146 ({Predecessor:} 11. Bd3 Nd7 12. O-O e5 13. dxe5 Nxe5 14. Be2 Re8 15. Rd1 {½-½ (27) Kelson,N-Truscott,A Sydney 1992}) 11... Nd7 {[%cal Bb8d7,Bd7b6,Bb6d5][%mdl 32]} 12. O-O Re8 13. Bb3 a5 14. a4 e6 15. Rd1 Nb6 16. Qg3 Nd5 {The position is equal.} 17. Bc2 Bh4 18. Qe5 Bf6 19. Qg3 Bh4 20. Qe5 Bf6 21. Qg3 Bh4 22. Qe5 {Accuracy: White = 52%, Black = 93%.} 1/2-1/2

[Event "FIDE Chesscom Grand Swiss 2019"]
[Site "Douglas-Isle of Man"]
[Date "2019.10.20"]
[Round "10.19"]
[White "Inarkiev, Ernesto"]
[Black "Lupulescu, Constantin"]
[Result "1/2-1/2"]
[WhiteElo "2693"]
[BlackElo "2643"]
[Annotator "TA"]
[PlyCount "55"]
[EventDate "2019.10.10"]
[EventType "swiss"]
[EventCountry "GBR"]
[SourceTitle "playchess.com"]
[Source "ChessBase"]
[SourceQuality "1"]

{[%evp 20,55,12,0,15,15,8,0,23,0,17,16,6,0,0,0,0,7,73,0,0,0,0,0,0,0,0,0,0,0,0,0,0,0,0,0,0,0]} 1. e4 e6 2. d4 d5 3. Nc3 Nf6 4. e5 Nfd7 5. f4 c5 6. Nf3 Nc6 7. Be3 cxd4 8. Nxd4 Bc5 9. Qd2 a6 10. O-O-O Nxd4 11. Bxd4 Qc7 {C11: French: Classical System: 4 e5 and 4 Bg5 dxe4} 12. h4 (12. Qe3 b5 13. Bd3 b4 14. Ne2 a5 15. Bb5 O-O 16. Bxd7 Bxd4 17. Nxd4 Bxd7 18. h4 a4 19. Kb1 {0-1 (48) Bosiocic,M (2614)-Nisipeanu,L (2670) Skopje 2019}) 12... b5 13. Bxc5 $146 ({Predecessor:} 13. h5 O-O 14. Qe3 b4 15. Na4 Bxd4 16. Qxd4 a5 17. h6 g6 18. g4 Ba6 19. b3 {0-1 (37) Kavcic,Z (2379)-Novkovic,M (2354) Austria 2019}) 13... Nxc5 14. a3 O-O 15. Rh3 Bd7 16. h5 Rfc8 17. h6 g6 $1 18. Qf2 Kf8 (18... Be8 $11) 19. f5 (19. g4 $16) 19... gxf5 $11 {The position is equal.} ({Don't play} 19... Qxe5 $6 20. fxg6 hxg6 21. h7 $18) 20. Re3 Ne4 {[#]} 21. Rxe4 $1 {[%mdl 576] Remove Defender} fxe4 (21... dxe4 22. Qg3) 22. Qf6 Qd8 23. Qg7+ Ke7 $1 {And now ...Qg8 would win.} 24. Qf6+ Ke8 {[#] Threatens to win with ...Qxf6.} 25. Qh8+ Ke7 26. Qf6+ Ke8 {aiming for ...Qxf6.} 27. Qh8+ Ke7 28. Qf6+ {Accuracy: White = 67%, Black = 60%.} 1/2-1/2

[Event "FIDE Chesscom Grand Swiss 2019"]
[Site "Douglas-Isle of Man"]
[Date "2019.10.20"]
[Round "10.19"]
[White "Jones, Gawain C B"]
[Black "Nihal Sarin"]
[Result "1/2-1/2"]
[WhiteElo "2688"]
[BlackElo "2610"]
[Annotator "TA"]
[PlyCount "63"]
[EventDate "2019.10.10"]
[EventType "swiss"]
[EventCountry "GBR"]
[SourceTitle "playchess.com"]
[Source "ChessBase"]
[SourceQuality "1"]

{[%evp 25,63,0,21,31,21,18,14,10,25,0,0,0,0,0,0,0,0,0,0,0,0,0,0,0,0,-14,0,0,0,0,0,0,0,0,0,0,0,0,0,0]} 1. e4 e5 2. Nf3 Nc6 3. Bb5 a6 4. Ba4 Nf6 5. O-O Be7 6. Re1 b5 7. Bb3 O-O 8. a4 Bb7 9. d3 d6 10. Nbd2 Nd7 11. axb5 axb5 12. Rxa8 Qxa8 13. c3 Nc5 14. Bc2 {C88: Closed Ruy Lopez: Anti-Marshall Systems} b4 15. Nc4 (15. d4 bxc3 16. bxc3 Nd7 17. Nf1 Bf6 18. d5 Ncb8 19. h4 Qa1 20. Re3 Nc5 21. c4 Qa6 {½-½ (39) Nakamura,H (2754)-Topalov,V (2740) Riga 2019}) 15... bxc3 16. bxc3 Qa1 $146 ({Predecessor:} 16... Ne6 17. d4 Ba6 18. Ne3 exd4 19. cxd4 Nb4 20. Nf5 Bf6 21. Bb1 Qd8 {1-0 (52) Sibeldin,D (2239)-Gromov,S (2293) ICCF email 2012}) 17. Qd2 {With the idea Ba3.} Na5 {The position is equal.} 18. Nxa5 Qxa5 19. d4 Nd7 20. h3 Bf6 21. Bb3 Re8 22. Qc2 Qa8 23. Ba4 Re7 24. Bxd7 Rxd7 25. dxe5 Bxe5 26. Nxe5 dxe5 27. f3 h6 28. Be3 Bc6 29. Rd1 Qa4 30. Qxa4 Bxa4 31. Rxd7 Bxd7 32. Ba7 {Accuracy: White = 74%, Black = 86%.} 1/2-1/2

[Event "FIDE Chesscom Grand Swiss 2019"]
[Site "Douglas-Isle of Man"]
[Date "2019.10.20"]
[Round "10.20"]
[White "Ponomariov, Ruslan"]
[Black "Lu, Shanglei"]
[Result "0-1"]
[WhiteElo "2675"]
[BlackElo "2602"]
[Annotator "TA"]
[PlyCount "90"]
[EventDate "2019.10.10"]
[EventType "swiss"]
[EventCountry "GBR"]
[SourceTitle "playchess.com"]
[Source "ChessBase"]
[SourceQuality "1"]

{[%evp 11,90,10,10,8,10,11,14,19,17,0,0,7,16,-7,19,16,28,3,0,-23,0,-29,-32,-27,0,0,0,0,0,0,0,0,0,0,0,0,0,0,0,0,0,0,0,-13,0,-11,-11,-17,-22,-22,-8,-27,-13,-38,-55,-26,-33,-16,-34,-840,-837,-749,-657,-1560,-2562,-2875,-2464,-2260,-1540,-5002,-11058,-12837,-12837,-12837,-12838,-12844,-12844,-12845,-12844,-12847,-12847]} 1. e4 c5 2. Nf3 d6 3. Bb5+ Bd7 4. Bxd7+ Qxd7 5. c4 e5 6. Nc3 Nc6 ({Predecessor:} 6... g6 7. d3 Bg7 8. a3 Nc6 9. Rb1 Nge7 10. b4 O-O 11. bxc5 dxc5 {0-1 (30) Torre,E-Radulov,I Leningrad 1973}) 7. a3 $146 {B52: Sicilian: Moscow Variation with 3...Bd7} (7. d3 g6 8. h4 Nf6 9. Nd5 Nxd5 10. cxd5 Nb4 11. a3 Na6 12. h5 Bg7 13. Be3 f5 14. hxg6 hxg6 15. Rxh8+ Bxh8 {½-½ (54) Anand,V (2767)-Caruana,F (2819) Zagreb 2019}) 7... g6 8. b4 Bg7 9. O-O {The position is equal.} Nge7 10. bxc5 dxc5 11. d3 O-O 12. Rb1 h6 13. Nd5 f5 14. Qb3 b6 15. Bd2 g5 16. Bc3 fxe4 17. dxe4 Rxf3 18. gxf3 Ng6 19. Qd1 Qh3 20. Kh1 $1 Nh4 {[%csl Gh4][%cal Rh3g2]} 21. Rg1 {f4 is the strong threat.} Nxf3 {[%csl Gf3][%cal Rh3h2][%mdl 64] Double Attack} 22. Rg2 Rf8 23. Ne3 {And now Qd5+ would win.} Nh4 24. Rg3 Qc8 25. Ng2 {aiming for Nxh4.} Nxg2 26. Kxg2 Nd4 27. Bxd4 (27. a4 {with more complications.} Rf4 28. f3 Qe6 29. Qd3 a5 30. Kh1) 27... exd4 28. Qg4 Qxg4 29. Rxg4 $11 {[%mdl 4096] Endgame KRR-KRB} Be5 30. h4 Bf4 31. hxg5 hxg5 32. a4 $1 Kg7 33. a5 d3 34. axb6 axb6 {[%cal Ba7b6,Bb6b5][%mdl 32]} 35. Rd1 $2 {[%mdl 8192] [#]} (35. Kf3 $15) 35... Rd8 $1 $19 {Black is clearly winning.} 36. Kf3 {[#]} b5 $1 37. Rxf4 gxf4 38. Kxf4 bxc4 {KR-KR} 39. Ke3 Kf6 40. f3 Rh8 41. Rd2 Rh1 42. Rb2 Rd1 43. Rd2 Re1+ 44. Kf2 Rb1 45. Ke3 c3 {Accuracy: White = 45%, Black = 85%.} 0-1

[Event "FIDE Chesscom Grand Swiss 2019"]
[Site "Douglas-Isle of Man"]
[Date "2019.10.20"]
[Round "10.20"]
[White "Chigaev, Maksim"]
[Black "Grandelius, Nils"]
[Result "0-1"]
[WhiteElo "2644"]
[BlackElo "2691"]
[Annotator "TA"]
[PlyCount "64"]
[EventDate "2019.10.10"]
[EventType "swiss"]
[EventCountry "GBR"]
[SourceTitle "playchess.com"]
[Source "ChessBase"]
[SourceQuality "1"]

{[%evp 9,64,-2,0,-27,10,29,11,1,4,10,18,0,0,18,0,10,25,15,31,34,38,5,48,31,22,14,24,35,22,0,0,2,86,-45,-38,-55,-45,-52,-42,-52,-16,-99,-93,-279,-278,-260,-261,-275,-260,-325,-139,-330,-145,-510,-510,-29973,-29974]} 1. e4 e5 2. Nf3 Nc6 3. d4 exd4 4. Nxd4 Bc5 5. Nb3 Bb6 6. Qe2 {C45: Scotch Game} (6. Nc3 {is more complex.} Nf6 7. Bd3 Ne5 8. a4 a5 9. Qe2) (6. Nc3 Nge7 7. Bg5 f6 8. Bh4 a5 9. Bb5 Ne5 10. f4 N5g6 11. Bg3 c6 12. Bc4 Bc7 13. Qf3 b5 14. Bd3 a4 {1-0 (37) Amin,B (2709)-Grandelius,N (2694) Astana 2019}) 6... Nge7 7. Nc3 O-O 8. Be3 {The position is equal.} f5 9. O-O-O fxe4 10. Nxe4 d5 11. Nc3 $146 ({Predecessor:} 11. f4 Bg4 12. Qxg4 Bxe3+ 13. Kb1 Rxf4 {½-½ (39) Tomazini,Z (2356)-Matijevic,F (2147) Nova Gorica 2013}) 11... Kh8 12. Qd2 Bf5 13. a3 Bg6 14. Bxb6 axb6 15. f3 Na5 16. Nxa5 Rxa5 17. h4 h6 18. h5 Bf7 19. g4 Nc6 $1 20. Nb5 {[#]} d4 $1 {[%mdl 512]} 21. c4 ({Don't blunder} 21. Nxd4 $2 Nxd4 22. Qe3 c5 $19) ({White should play} 21. Rg1 $1 $16) 21... dxc3 $15 22. Qxd8 cxb2+ 23. Kxb2 Nxd8 24. Nxc7 Rc5 25. Rd7 (25. Rc1 $11 {keeps the balance.}) 25... Nc6 $1 $17 {aiming for ...Bg8.} 26. Be2 $2 (26. Bb5 $17) 26... Ne5 $19 27. Re7 Rd8 $1 {[%cal Rd8d2] Hoping for ...Rd2+.} 28. Kb1 Rd2 29. Re1 {[#] intending Ne6.} Ba2+ $1 30. Ka1 {[#]} Bg8 (30... Nc6 $1 $19 {[%cal Rc6e7] is more deadly.} 31. Re8+ Bg8) 31. Re8 $2 {[%mdl 8192]} (31. Ne6 $17 {nothing else works.} Rc8 32. Nd4) 31... Rcc2 ({Weaker is} 31... Rxc7 32. Rxe5 Rc3 33. Re8 $15) 32. Bb5 (32. Rxe5 $19 Ra2+ {[%mdl 64] Double Attack} 33. Kb1 Bh7+ 34. Rf5 Rxe2 35. Rd1 Bxf5+ 36. gxf5) 32... Nxf3 {Accuracy: White = 47%, Black = 59%.} 0-1

[Event "FIDE Chesscom Grand Swiss 2019"]
[Site "Douglas-Isle of Man"]
[Date "2019.10.20"]
[Round "10.21"]
[White "Sargissian, Gabriel"]
[Black "Akopian, Vladimir"]
[Result "1/2-1/2"]
[WhiteElo "2690"]
[BlackElo "2638"]
[Annotator "TA"]
[PlyCount "60"]
[EventDate "2019.10.10"]
[EventType "swiss"]
[EventCountry "GBR"]
[SourceTitle "playchess.com"]
[Source "ChessBase"]
[SourceQuality "1"]

{[%evp 17,60,24,25,22,12,12,16,10,16,10,18,18,10,9,14,17,25,22,16,20,58,58,72,64,43,32,39,31,23,-22,-22,-43,-42,-35,-24,-18,-10,-13,-13,-13,0,-4,-4,-5,-26]} 1. d4 d5 2. c4 c6 3. Nf3 Nf6 4. Nc3 dxc4 5. a4 Bf5 6. e3 e6 7. Bxc4 Bb4 8. O-O O-O 9. Qe2 Bg4 10. Rd1 {D19: Slav Defence: 5 a4 Bf5 6 e3: Main line with 9 Qe2} (10. h3 Bxf3 11. Qxf3 Nbd7 12. Rd1 Rc8 13. Na2 Bd6 14. Bd2 e5 15. a5 a6 16. Bb4 Bxb4 17. Nxb4 Qe7 18. Na2 Rfd8 19. Nc3 exd4 20. exd4 Qd6 {½-½ (32) Sargissian,G (2681)-Kryakvin,D (2586) Helsingor 2019}) 10... Qa5 11. Na2 {[%cal Bc3a2,Ba2c1,Bc1b3,Bb3d4,Bd4f5,Bf5d6][%mdl 32]} Be7 12. Bd2 Qh5 13. h3 Bxf3 14. Qxf3 Qxf3 15. gxf3 Nbd7 {[#]} 16. Nc1 $146 ({Predecessor:} 16. a5 a6 17. Nc1 Rfd8 {1-0 (79) Nyzhnyk,I (2561)-Lemmers,O (2382) Germany 2012}) 16... e5 17. Nb3 exd4 18. Nxd4 a5 19. Nf5 Bb4 20. Bxb4 axb4 21. Nd6 Nc5 22. a5 g6 23. e4 Ne8 24. a6 Nxd6 25. Rxd6 Nxa6 26. Bxa6 Rxa6 {The position is equal.} 27. Rxa6 bxa6 28. Rxc6 $15 {KR-KR} Rd8 29. Rxa6 Rd2 30. Rb6 Rxb2 1/2-1/2

[Event "FIDE Chesscom Grand Swiss 2019"]
[Site "Douglas-Isle of Man"]
[Date "2019.10.20"]
[Round "10.21"]
[White "Motylev, Alexander"]
[Black "Henderson de La Fuente, Lance"]
[Result "1-0"]
[WhiteElo "2651"]
[BlackElo "2494"]
[Annotator "ChessBase"]
[PlyCount "133"]
[EventDate "2019.10.10"]
[EventType "swiss"]
[EventCountry "GBR"]
[SourceTitle "playchess.com"]
[Source "ChessBase"]
[SourceQuality "1"]
[TimeControl "40/6000+30:20/3000+30:900+30"]

1. e4 {[%emt 0:01:42]} e5 {[%emt 0:00:00]} 2. Nf3 {[%emt 0:00:06]} Nc6 {[%emt 0:00:00]} 3. Bb5 {[%emt 0:00:47]} Nf6 {[%emt 0:00:21]} 4. O-O {[%emt 0:00:43]} Nxe4 {[%emt 0:00:21]} 5. Re1 {[%emt 0:00:09]} Nd6 {[%emt 0:00:21]} 6. Nxe5 {[%emt 0:00:06]} Be7 {[%emt 0:00:09]} 7. Bf1 {[%emt 0:00:12]} Nxe5 {[%emt 0:00:22]} 8. Rxe5 {[%emt 0:00:06]} O-O {[%emt 0:00:19]} 9. d4 {[%emt 0:00:04]} Bf6 {[%emt 0:00:18]} 10. Re1 {[%emt 0:00:06]} Nf5 {[%emt 0:01:04]} 11. d5 {[%emt 0:00:43]} Re8 {[%emt 0:02:05]} 12. Nd2 {[%emt 0:04:38]} Rxe1 {[%emt 0:02:17]} 13. Qxe1 {[%emt 0:00:05]} d6 {[%emt 0:07:40]} 14. Ne4 {[%emt 0:01:27]} Bd4 {[%emt 0:00:30]} 15. c3 {[%emt 0:04:20]} Bb6 {[%emt 0:02:08]} 16. a4 {[%emt 0:00:32]} a6 {[%emt 0:01:36]} 17. a5 {[%emt 0:23:46]} Ba7 {[%emt 0:00:16]} 18. Bg5 {[%emt 0:03:05]} f6 {[%emt 0:07:52]} 19. Bf4 {[%emt 0:07:01]} Bd7 {[%emt 0:01:36]} 20. Qd1 {[%emt 0:01:16]} Qe7 {[%emt 0:04:55]} 21. Bd3 {[%emt 0:01:24]} Re8 {[%emt 0:07:04]} 22. h3 {[%emt 0:11:05]} Qf7 {[%emt 0:05:53]} 23. Bc2 {[%emt 0:03:34]} Nh4 {[%emt 0:06:11]} 24. Bg3 {[%emt 0:04:21]} Ng6 {[%emt 0:02:54]} 25. Qh5 {[%emt 0:03:52]} Ne5 {[%emt 0:01:54]} 26. Qxf7+ {[%emt 0:02:52]} Nxf7 {[%emt 0:02:22]} 27. Nd2 {[%emt 0:07:37]} g5 {[%emt 0:10:38]} 28. Kf1 {[%emt 0:02:56]} Nh6 {[%emt 0:03:47]} 29. Ba4 {[%emt 0:01:47]} Bxa4 {[%emt 0:05:37]} 30. Rxa4 {[%emt 0:00:18]} Nf5 {[%emt 0:00:17]} 31. Rb4 {[%emt 0:00:44]} Rb8 {[%emt 0:01:07]} 32. Rc4 {[%emt 0:08:55]} c6 {[%emt 0:16:34]} 33. Bh2 {[%emt 0:03:06]} cxd5 {[%emt 0:09:27]} 34. Rc7 {[%emt 0:02:50]} h5 {[%emt 0:00:40]} 35. Rd7 {[%emt 0:01:14]} Bc5 {[%emt 0:05:48]} 36. b4 {[%emt 0:01:31]} Ba7 {[%emt 0:00:13]} 37. g4 {[%emt 0:00:43]} hxg4 {[%emt 0:00:49]} 38. hxg4 {[%emt 0:00:04]} Nh6 {[%emt 0:01:41]} 39. Bxd6 {[%emt 0:00:24]} Ra8 {[%emt 0:00:19]} 40. f3 {[%emt 0:03:17]} Nf7 {[%emt 0:00:48]} 41. Bg3 {[%emt 0:53:39]} Rc8 {[%emt 0:51:26]} 42. Rxb7 {[%emt 0:01:03]} Be3 {[%emt 0:00:11]} 43. b5 {[%emt 0:00:00]} axb5 {[%emt 0:00:00]} 44. a6 {[%emt 0:00:00]} Kg7 {[%emt 0:00:00]} 45. Ke2 {[%emt 0:00:00]} Rxc3 {[%emt 0:00:00]} 46. a7 {[%emt 0:00:00]} Ra3 {[%emt 0:00:00]} 47. a8=Q {[%emt 0:00:00]} Rxa8 {[%emt 0:00:00]} 48. Kxe3 {[%emt 0:00:00]} Ra3+ {[%emt 0:00:00]} 49. Ke2 {[%emt 0:00:00]} f5 {[%emt 0:00:00]} 50. gxf5 {[%emt 0:00:00]} Kf6 {[%emt 0:00:00]} 51. Rxb5 {[%emt 0:00:00]} Kxf5 {[%emt 0:00:00]} 52. Rxd5+ {[%emt 0:00:00]} Ke6 {[%emt 0:00:00]} 53. Rd4 {[%emt 0:00:00]} Kf5 {[%emt 0:00:00]} 54. Nc4 {[%emt 0:00:00]} Rb3 {[%emt 0:00:00]} 55. Ne3+ {[%emt 0:00:00]} Kf6 {[%emt 0:00:00]} 56. Ng4+ {[%emt 0:00:00]} Kg6 {[%emt 0:00:00]} 57. Ra4 {[%emt 0:00:00]} Rb6 {[%emt 0:00:00]} 58. Kf1 {[%emt 0:00:00]} Re6 {[%emt 0:00:00]} 59. Kg2 {[%emt 0:00:42]} Re2+ {[%emt 0:00:00]} 60. Kh3 {[%emt 0:00:00]} Re6 {[%emt 0:00:00]} 61. Ra5 {[%emt 0:14:41]} Rc6 {[%emt 0:00:56]} 62. Bf2 {[%emt 0:00:15]} Re6 {[%emt 0:00:26]} 63. Be3 {[%emt 0:00:28]} Rd6 {[%emt 0:01:31]} 64. Kg3 {[%emt 0:00:21]} Re6 {[%emt 0:00:01]} 65. Rc5 {[%emt 0:01:30]} Re7 {[%emt 0:04:15]} 66. Rc6+ {[%emt 0:00:42]} Kh5 {[%emt 0:00:02]} 67. Nf6+ {[%emt 0:00:25]} 1-0